| 000 | 00594cam a2200145 4500500 | ||
|---|---|---|---|
| 005 | 20260208005742.0 | ||
| 041 | _afre | ||
| 042 | _adc | ||
| 100 | 1 | 0 |
_aPety, Dominique _eauthor |
| 245 | 0 | 0 | _aEDMOND et JULES DE GONCOURT, La Lorette. Tusson, Du Lérot, coll. « D’après nature », 2002. Un vol. 13 x 17 de 91 p. |
| 260 | _c2003. | ||
| 500 | _a35 | ||
| 786 | 0 | _nRevue d'histoire littéraire de la France | 103 | 3 | 2003-08-01 | p. 707zl-754zl | 0035-2411 | |
| 856 | 4 | 1 | _uhttps://shs.cairn.info/revue-d-histoire-litteraire-de-la-france-2003-3-page-707zl?lang=fr&redirect-ssocas=7080 |
| 999 |
_c1653589 _d1653589 |
||